Civil War Postal History - Ambassador Collection (auction Sept 9, 2020) (Record no. 3087)
[ view plain ]
| 000 -LEADER | |
|---|---|
| fixed length control field | 00343nam a22000977a 4500 |
| 008 - FIXED-LENGTH DATA ELEMENTS--GENERAL INFORMATION | |
| fixed length control field | 200907b ||||| |||| 00| 0 eng d |
| 100 ## - MAIN ENTRY--AUTHOR'S NAME | |
| Author's Name | Robert Siegel Auction Gallaeries |
| 245 ## - TITLE STATEMENT | |
| Title | Civil War Postal History - Ambassador Collection (auction Sept 9, 2020) |
| 260 ## - PUBLICATION, DISTRIBUTION, ETC. (IMPRINT) | |
| Name of publisher, distributor, etc. | Robert Siegel Acution Gallaries |
| Date of publication, distribution, etc. | 2020 |
| 650 ## - TOPICAL TERM (Tag) | |
| Topical term or geographic name | US; Civil War; Postal History |
| Withdrawn status | Lost status | Source of classification or shelving scheme | Damaged status | Koha normalized classification for sorting | Not for loan | Permanent Location | Current Location | Shelving location | Date acquired | Total Checkouts | Full call number | Barcode | Date last seen | Copy number | Price effective from | Koha item type |
|---|---|---|---|---|---|---|---|---|---|---|---|---|---|---|---|---|
| G3701 P856 S571 | Northern Philatelic Library | Northern Philatelic Library | Auction Catalogs | 09/07/2020 | G3701 P856 S571 | 1005513 | 09/07/2020 | 1 | 09/07/2020 | Auction Catalogs |